000 00736nam a2200205 i 4500
001 143633
003 ES-MaACL
005 20240207200719.0
007 t|
008 070214s1924 fr r ||||1| spa d
100 1 _aSerís, Homero,
_d1879-1969
_9105555
245 1 0 _aSobre una nueva variedad de la edición príncipe del `Quijote` /
_cHomero Serís.
260 _aDijon :
_bR. de Thurey,
_c1924.
300 _a11 p. ;
_c24 cm.
500 _aEs tirada aparte del Bulletin Hispanique. T. XXVI. nº 4, octobre-décembre 1924.
600 1 4 _aCervantes Saavedra, Miguel de,
_d1547-1616.
_tDon Quijote de la Mancha-
_vBibliografías
_937615
852 _aES-MaACL
_j1685-F-10
852 _aES-MaACL
_j1753-F-14
999 _c143633
_d143633